000 03272cam a22012254i 4500
003 PE-LiUPU
005 20250813185448.0
008 150623s r 000 0 d
020 _a8433107895
035 _a(Sirsi) i9788433107893
040 _aPE-LiUPU
_bspa
_cPE-LiUPU
_erda
049 _aPRUA
082 0 4 _a376.4
_bC
_221
100 1 _aValles Arándiga, Antonio,
_eautor.
245 1 0 _aAutoconcepto y autoestima /
_cAntonio Valles Arándiga.
264 1 _aBarcelona, España :
_bPraxis,
_c1998.
300 _a127 p. :
_bil Diagrs. Gráfcs. Cuadros ;
_c27 centímetros
336 _atext
_2rdacontent
337 _aunmediated
_2rdamedia
338 _avolume
_2rdacarrier
490 0 _aCuadernos de tutoría de educación secundaria obligatoria. Área: Orientación personal y relaciones interpersonales; 1er ciclo, ;
_v2
526 _aP202
526 _aP201
526 _aP163
526 _aP162
526 _aP161
526 _aP160
526 _aP148
526 _aP147
526 _aP146
526 _aP145
526 _aP144
526 _aP143
526 _aP142
526 _aP141
526 _aP140
526 _aP139
526 _aP138
526 _aP137
526 _aP136
526 _aP135
526 _aP134
526 _aP133
526 _aP129
526 _aP128
526 _aP127
526 _aP120
526 _aP119
526 _aP118
526 _aP116
526 _aP115
526 _aP114
526 _aP110
526 _aP109
526 _aP108
526 _aP104
526 _aP103
526 _aP102
526 _aP99
526 _aP98
526 _aP97
526 _aP96
526 _aP95
526 _aP93
526 _aP90
526 _aP89
526 _aP88
526 _aP83
526 _aP82
526 _aP62
526 _aP59
526 _aP58
526 _aP57
526 _aP51
526 _aP49
526 _aP48
526 _aP47
526 _aP29
526 _aP24
526 _aP20
526 _aP19
526 _aP17
526 _aP15
526 _aP14
526 _aP12
526 _aP10
526 _aP09
526 _aP08
526 _aP07
526 _aP06
526 _aP05
526 _aP04
526 _aP01
541 _g001-003031;
650 1 7 _aAutoestima
_xMaterial didáctico
_2embne
650 2 7 _aAutoconcepto
_xMaterial didáctico
_2embne
942 _2ddc
_cBOOK
949 _a376.4 C
_wDEWEY
_c1
_i52149
_lCCODEBUL1
_mBUL
_r0
_sY
_tBOOK
_u2015-6-24
_xEDUCACION
_zUNKNOWN
_0COMPRA
_o.STAFF. Colección General
949 _a376.4 C
_wDEWEY
_c2
_i72184
_lCCODEBUL1
_mBUL
_p17.65
_r0
_sY
_tBOOK
_u2015-11-26
_xEDUCACION
_PP20
_0COMPRA
_o.STAFF. Colección General
994 _aC0
_bPEPRU
596 _a1
999 _a376.4 C
_wDEWEY
_c33956
_i52149
_d33956
_e2019-6-17
_f2019-2-20
_g3
_lDISCARD
_mBUL
_n5
_q4
_r0
_sY
_tBOOK
_u2015-6-24
_xEDUCACION
_zUNKNOWN
_0COMPRA
_o.STAFF. Colección General
999 _a376.4 C
_wDEWEY
_c2
_i72184
_d2019-4-29
_e2019-4-23
_f2021-11-8
_g5
_lCCODEBUL1
_mBUL
_n8
_p17.65
_r0
_sY
_tBOOK
_u2015-11-26
_xEDUCACION
_PP20
_0COMPRA
_o.STAFF. Colección General
980 _81
_gALBERTO SANCHEZ Responsable de Automatización